CHROM ATOGRAPHY (Record no. 10018)

MARC details
000 -LEADER
fixed length control field 00286nam a22001337a 4500
003 - CONTROL NUMBER IDENTIFIER
control field SGT
082 ## - DEWEY DECIMAL CLASSIFICATION NUMBER
Classification number 510,KAU
100 ## - MAIN ENTRY--PERSONAL NAME
Personal name KAUR, H
245 ## - TITLE STATEMENT
Title CHROM ATOGRAPHY
260 ## - PUBLICATION, DISTRIBUTION, ETC. (IMPRINT)
Place of publication, distribution, etc NEW DELHI
Name of publisher, distributor, etc PRAGATI PRAKASHAN MEERUT
Year of Publication 2016
300 ## - PAGE DESCRIPTION
No. of Pages 156
650 ## - SUBJECT ADDED ENTRY--TOPICAL TERM
Topical term or geographic name as entry element MATHAMETICS
942 ## - ADDED ENTRY ELEMENTS (KOHA)
Source of classification or shelving scheme Dewey Decimal Classification
Koha item type FPS Books
942 ## - ADDED ENTRY ELEMENTS (KOHA)
-- 11
Holdings
Withdrawn status Lost status Source of classification or shelving scheme Damaged status Not for loan Collection code Home library Current library Shelving location Date acquired Vendor Name Cost, normal purchase price SGTU Bill Number Total Checkouts Full call number Accession No. (Barcode) Date last seen Date last borrowed Bill Date Koha item type
    Dewey Decimal Classification     SCIENCE SGT Science & Social Sciences Library SGT Science & Social Sciences Library Text Book 24/11/2016 PRAGATI PRAKASHAN 220.00 SGTU 7099 1 510,KAU PS2651 16/02/2022 25/12/2021 26/09/2016 FPS Books
    Dewey Decimal Classification     SCIENCE SGT Science & Social Sciences Library SGT Science & Social Sciences Library Text Book 24/11/2016 PRAGATI PRAKASHAN 220.00 SGTU 7099   510,KAU PS2652 24/11/2016   26/09/2016 FPS Books
    Dewey Decimal Classification     SCIENCE SGT Science & Social Sciences Library SGT Science & Social Sciences Library Text Book 24/11/2016 PRAGATI PRAKASHAN 220.00 SGTU 7099 6 510,KAU PS2653 04/08/2022 04/08/2022 26/09/2016 FPS Books
    Dewey Decimal Classification     SCIENCE SGT Science & Social Sciences Library SGT Science & Social Sciences Library Text Book 24/11/2016 PRAGATI PRAKASHAN 220.00 SGTU 7099 6 510,KAU PS2654 18/07/2023 03/07/2023 26/09/2016 FPS Books